Histología : (Registro nro. 22141)

Detalles MARC
000 -Cabecera
Campo de control interno 00891nam a22002537a 4500
005 - Fecha y hora del registro
control field 20260416165445.0
008 - Elementos de Longitud Fija
fixed length control field 260327b |||||||| |||| 00| 0 spa d
020 ## - ISBN
ISBN 9788419663924
041 ## - Idioma
Codigo Idioma ESP
082 ## - DEWEY y NOTACIÓN INTERNA
Dewey 611.018
Notación Interna P29
100 ## - AUTOR
Autor denominación Pawlina, Wojciech
Término de relación autor
245 ## - TÍTULO DE MATERIAL BIBLIOGRÁFICO
Título Histología :
Título paralelo texto y atlas : correlación con biología molecular y celular
250 ## - EDICIÓN
Edición Novena edición
260 ## - CIUDAD, EDITORIAL, AÑO
Ciudad Barcelona :
Nombre de la Editorial Wolters Kluver,
Año 2024
300 ## - DESCRIPCIÓN
N° Páginas xvii, 1081 páginas :
Otros detalles ilustraciones, tablas ;
Dimensiones 28 cm.
440 ## - MENCIÓN DE SERIE
Título de la Serie ;
650 ## - TEMAS
Temas Tecnología (Ciencias Aplicadas)
653 ## - DESCRIPTORES
Lenguajes no controlado Medicina, anatomía humana
654 ## - PROGRAMAS
Programa Dpto. de Ciencias de la Salud
700 ## - OTROS AUTORES
Otros autores Kluwer, Wolters,
Títulos y otras palabras asociadas con el nombre traductor
856 ## - URL - UBICACIÓN
URI/URL: Enlace exacto del recurso <a href="https://0u216usd4-y-https-accessmedicina-mhmedical-com.itmsp.museknowledge.com/searchresults.aspx?q=histolog%u00eda">https://0u216usd4-y-https-accessmedicina-mhmedical-com.itmsp.museknowledge.com/searchresults.aspx?q=histolog%u00eda</a>
Nota pública: Versión digital <a href="Véase además: Base de datos McGraw Hill Access Medicina">Véase además: Base de datos McGraw Hill Access Medicina</a>
942 ## - ELEMENTOS DE KOHA
Tipo de documento Libro
Nombre del creador Justo Noguera
Código de catalogador Mirtha Ponce
Suppress in OPAC No
Esquema de clasificación Dewey Decimal Classification
Existencias
Codigo completo Registro Colección Copia número Disponibilidad Tipo de préstamo Biblioteca Actual Procedencia (Biblioteca) Ubicacón Fecha Ingreso Tipo de Adquisición Observación Date last seen Total checkouts Price effective from Tipo de Item Estado del Material Fuente de Clasificación Damaged status Withdrawn status
611.018 P29 1088231 Universidad Católica San Pablo 1 Disponible Disponible Víctor Andrés Belaunde Víctor Andrés Belaunde Planta baja abierta 27/03/2026 Compra Medicina 27/03/2026   27/03/2026 Libro Bueno Dewey Decimal Classification